000 00647nam a2200217Ii 4500
003 JO-AjNU
008 230605s9999||||xx |||||||||||||| ||und||
017 _a1993/5138
020 _a977-11-795-X
040 _aJO-AjNU
_bara
_erda
_cJO-AjNU
041 _aara
050 1 4 _aPJ7862.H68.S57 1993
100 3 _aتأليف شوقي،أحمد,
_eauthor
_915459
245 0 0 _aمسرحية الست هدى
264 3 1 _aالقاهرة: مكتبة مصر، 1993
300 _a93ص
336 _atext
_btxt
_2rdacontent
337 _aunmediated
_bn
_2rdamedia
338 _avolume
_bnc
_2rdacarrier
650 4 _aالأدب العربي - مسرح
_915460
999 _aA4371
_c7939
_d7939